Civilization V: First 3 Cities by Civilization - Statistics

General Stats
  • This quiz has been taken 478 times
    461 since last reset
  • The average score is 53 of 123
Answer Stats
Civilization Answer % Correct
Austria 1st City Vienna
93%
America 2nd City New York
92%
Greece 1st City Athens
91%
Germany 1st City Berlin
91%
England 1st City London
91%
France 1st City Paris
91%
Brazil 1st City Rio de Janeiro
90%
Korea 1st City Seoul
89%
China 1st City Beijing
88%
Denmark 1st City Copenhagen
87%
America 1st City Washington
87%
Japan 3rd City Tokyo
86%
India 1st City Delhi
85%
Rome 1st City Rome
83%
Netherlands 1st City Amsterdam
82%
Indonesia 1st City Jakarta
82%
Japan 1st City Kyoto
82%
Poland 1st City Warsaw
82%
Ottomans 1st City Istanbul
81%
Arabia 1st City Mecca
81%
Russia 1st City Moscow
81%
Carthage 1st City Carthage
80%
Portugal 1st City Lisbon
80%
Babylon 1st City Babylon
79%
Spain 1st City Madrid
79%
Sweden 1st City Stockholm
79%
America 3rd City Boston
78%
Byzantine 1st City Constantinople
78%
India 2nd City Mumbai
78%
China 2nd City Shanghai
78%
Germany 3rd City Munich
75%
Brazil 2nd City São Paulo
75%
France 3rd City Lyon
74%
Germany 2nd City Hamburg
73%
Spain 2nd City Barcelona
71%
Poland 2nd City Krakow
71%
Arabia 2nd City Medina
71%
Netherlands 2nd City Rotterdam
71%
Japan 2nd City Osaka
70%
Portugal 2nd City Porto
70%
Morocco 2nd City Rabat
70%
Russia 2nd City St. Petersburg
70%
Austria 2nd City Salzburg
67%
Greece 2nd City Sparta
66%
Korea 2nd City Busan
65%
Ethiopia 1st City Addis Ababa
63%
Ottomans 3rd City Ankara
61%
Aztec 1st City Tenochtitlan
61%
Celts 2nd City Dublin
59%
Egypt 2nd City Memphis
59%
Inca 1st City Cusco
57%
Celts 1st City Edinburgh
55%
Egypt 1st City Thebes
55%
Arabia 3rd City Damascus
52%
Denmark 2nd City Aarhus
51%
Austria 3rd City Graz
51%
China 3rd City Guangzhou
51%
England 2nd City York
48%
Spain 3rd City Seville
45%
Persia 1st City Persepolis
44%
Morocco 1st City Marrakech
41%
Netherlands 3rd City Utrecht
40%
Celts 3rd City Cardiff
39%
Morocco 3rd City Fes
38%
Poland 3rd City Lodz
38%
Indonesia 2nd City Surabaya
35%
Assyria 2nd City Nineveh
33%
Brazil 3rd City Salvador
33%
Polynesia 1st City Honolulu
31%
France 2nd City Orleans
29%
Greece 3rd City Corinth
28%
Assyria 1st City Assur
27%
Inca 3rd City Machu
27%
England 3rd City Nottingham
25%
Atzec 2nd City Teotihuacan
25%
Mongolia 1st City Karakorum
24%
Byzantine 2nd City Adrianople
23%
Ottomans 2nd City Edirne
23%
Maya 3rd City Chichen Itza
21%
Indonesia 3rd City Medan
21%
Songhai 2nd City Tombouctu
21%
Russia 3rd City Novgorod
19%
Portugal 3rd City Braga
18%
Songhai 1st City Gao
17%
Maya 2nd City Tikal
17%
Sweden 3rd City Helsinki
16%
Babylon 2nd City Akkad
14%
Maya 1st City Palenque
14%
Babylon 3rd City Dur-Kurigalzu
11%
Iroquois 1st City Onondaga
11%
Polynesia 2nd City Samoa
10%
Persia 3rd City Susa
10%
Byzantine 3rd City Nicaea
9%
Siam 1st City Sukhothai
9%
Polynesia 3rd City Tonga
9%
Egypt 3rd City Heliopolis
8%
Zulu 1st City Ulundi
8%
Iroquois 3rd City Grand River
7%
Ethiopia 2nd City Harar
7%
Carthage 3rd City Hippo Regius
7%
Shoshone 1st City Moson Kahni
7%
Rome 2nd City Antium
5%
Rome 3rd City Cumae
5%
Songhai 3rd City Jenne
5%
Persia 2nd City Pasargadae
5%
Atzec 3rd City Tlatelolco
5%
Carthage 2nd City Utique
5%
Ethiopia 3rd City Adwa
4%
Assyria 3rd City Nimrud
4%
India 3rd City Vijayanagara
4%
Mongolia 2nd City Beshbalik
3%
Korea 3rd City Jeonju
3%
Sweden 2nd City Sigtuna
3%
Shoshone 2nd City Te-Moak
3%
Inca 2nd City Tiwanaku
3%
Denmark 3rd City Kaupang
2%
Iroquois 2nd City Osininka
2%
Siam 2nd City Si Satchanalai
2%
Mongolia 3rd City Turfan
2%
Zulu 2nd City Umgungundlovu
2%
Shoshone 3rd City Agaidika
1%
Siam 3rd City Muang Saluang
0%
Zulu 3rd City Nobamba
0%
No matching quizzes found
Score Distribution
Percent of People with Each Score
Percentile by Number Answered
Your Score History
You have not taken this quiz since the last reset